[Event "Moscow-ch final (Women)"]
[Site "Moscow"]
[Date "2019.04.04"]
[Round "6"]
[White "Kruglikova, Viktorija"]
[Black "Shevtsova, Stefania"]
[Result "1-0"]
[WhiteElo "1786"]
[BlackElo "1684"]
[PlyCount "127"]
[EventDate "2019.03.30"]
[EventType "swiss"]
[EventRounds "9"]
[EventCountry "RUS"]
[SourceTitle "CBM 189 Extra"]
[Source "ChessBase"]
[SourceDate "2019.06.03"]
[SourceVersion "1"]
[SourceVersionDate "2019.06.03"]
[SourceQuality "1"]

1. e4 e6 2. d4 d5 3. e5 c5 4. c3 Nc6 5. Nf3 Bd7 6. a3 c4 7. g3 f6 8. Qe2 Nge7 9. Bh3 fxe5 10. Nxe5 Nxe5 11. Qxe5 Ng6 12. Qe2 Qb6 13. 0-0 0-0-0 14. f4 Re8 15. Kh1 Be7 16. Nd2 Rhf8 17. Nf3 Bf6 18. Be3 h6 19. Qc2 Nh8 20. Rab1 Nf7 21. Ne5 Bc6 22. Nxf7 Rxf7 23. Rfe1 Rfe7 24. Kg1 Rg8 25. Bf2 Be8 26. Qe2 Bf7 27. b3 cxb3 28. c4 Bxd4 29. cxd5 Bxf2+ 30. Qxf2 Qxf2+ 31. Kxf2 Rd8 32. dxe6 Be8 33. Rxb3 Rd2+ 34. Re2 Rd6 35. Rc3+ Bc6 36. f5 Kd8 37. g4 Rc7 38. Rec2 Ke7 39. Bg2 Rd8 40. h4 Rdc8 41. Ke3 g6 42. Kf4 gxf5 43. gxf5 Kf6 44. Be4 h5 45. Bf3 Rh7 46. Rc4 a6 47. Bxc6 bxc6 48. Rxc6 Rd8 49. e7+ Kxe7 50. Rc7+ Rd7 51. Ke5 Rh6 52. f6+ Ke8 53. Ke6 Rxc7 54. Rxc7 Kd8 55. Ra7 Rg6 56. Rxa6 Rh6 57. Ra8+ Kc7 58. Ke7 Kb7 59. Rg8 Rh7+ 60. f7 Kc7 61. Kf6 Rh6+ 62. Kg7 Kd7 63. Kxh6 Ke6 64. f8Q 1-0

[Event "Moscow-ch final (Women)"]
[Site "Moscow"]
[Date "2019.03.31"]
[Round "2"]
[White "Kruglikova, Viktorija"]
[Black "Zaytseva, Dariya"]
[Result "1-0"]
[WhiteElo "1786"]
[BlackElo "1350"]
[PlyCount "97"]
[EventDate "2019.03.30"]
[EventType "swiss"]
[EventRounds "9"]
[EventCountry "RUS"]
[SourceTitle "CBM 189 Extra"]
[Source "ChessBase"]
[SourceDate "2019.06.03"]
[SourceVersion "1"]
[SourceVersionDate "2019.06.03"]
[SourceQuality "1"]

1. e4 e6 2. d4 d5 3. e5 c5 4. c3 Nc6 5. Nf3 Bd7 6. Bd3 Qc7 7. 0-0 Nge7 8. a3 Ng6 9. b4 b6 10. Be3 cxd4 11. cxd4 Be7 12. Nbd2 0-0 13. Rc1 Qb7 14. Nb3 Rac8 15. Qe2 Nb8 16. Ng5 h6 17. Nf3 Rc7 18. Qd2 Rfc8 19. h4 Bf8 20. g4 Ba4 21. Rxc7 Rxc7 22. Nc1 Qc8 23. g5 Bc2 24. gxh6 Bxd3 25. Nxd3 Rc2 26. Rc1 Rxc1+ 27. Nxc1 gxh6 28. Bxh6 Qd8 29. Bxf8 Qxf8 30. Qg5 Nd7 31. h5 Kh8 32. hxg6 fxg6 33. Nh4 Qg8 34. Nxg6+ Kh7 35. Qh5+ Kg7 36. Kf1 Nf8 37. Ne7 Qf7 38. Qxf7+ Kxf7 39. Nc8 a6 40. Nxb6 Ng6 41. Nd3 Ne7 42. Nc5 a5 43. b5 Ng6 44. Nc8 Ne7 45. Nxe7 Kxe7 46. b6 Kd8 47. Nxe6+ Kd7 48. Nc5+ Kc8 49. e6 1-0

[Event "Minsk Kupreichik Memorial op"]
[Site "Minsk"]
[Date "2018.06.23"]
[Round "11"]
[White "Kruglikova, Viktorija"]
[Black "Svjatocho, Andrej"]
[Result "1-0"]
[WhiteElo "1797"]
[BlackElo "1995"]
[PlyCount "109"]
[EventDate "2018.06.21"]
[EventType "swiss (rapid)"]
[EventRounds "11"]
[EventCountry "BLR"]
[SourceTitle "CBM 185 Extra"]
[Source "ChessBase"]
[SourceDate "2018.07.29"]
[SourceVersion "1"]
[SourceVersionDate "2018.07.29"]
[SourceQuality "1"]

1. e4 Nf6 2. e5 Nd5 3. c4 Nb6 4. d4 d6 5. Nf3 Bg4 6. exd6 exd6 7. Be2 Be7 8. 0-0 0-0 9. Be3 Bf6 10. Nbd2 d5 11. c5 Nc8 12. h3 Bf5 13. Qb3 b6 14. Rac1 c6 15. Rfe1 Ne7 16. Nf1 Nd7 17. cxb6 axb6 18. Ng3 Bg6 19. a3 Qb8 20. Nh2 Bh4 21. Nhf1 Qd6 22. Bd3 c5 23. Bxg6 hxg6 24. Qc2 Rac8 25. Qe2 Bf6 26. Qg4 Nc6 27. Bf4 Be5 28. dxe5 Qe7 29. e6 fxe6 30. Bg5 Qf7 31. Qxe6 Nd4 32. Qxf7+ Rxf7 33. Ne3 Ne6 34. h4 d4 35. Nc4 Rc6 36. Ne5 Nxe5 37. Rxe5 Rd7 38. Bd2 c4 39. Rce1 Nc5 40. Re8+ Kf7 41. Bg5 d3 42. Bd2 Na4 43. Bb4 g5 44. h5 Nc5 45. Nf1 Re6 46. R8xe6 Nxe6 47. Nd2 b5 48. a4 bxa4 49. Nxc4 Rd4 50. Ne5+ Kf6 51. Bc3 d2 52. Rd1 Kxe5 53. Rxd2 Kd5 54. Bxd4 Nxd4 55. Kh2 1-0

[Event "Minsk Kupreichik Memorial op"]
[Site "Minsk"]
[Date "2018.06.22"]
[Round "7"]
[White "Boiko, Aleksei"]
[Black "Kruglikova, Viktorija"]
[Result "0-1"]
[WhiteElo "1611"]
[BlackElo "1797"]
[PlyCount "74"]
[EventDate "2018.06.21"]
[EventType "swiss (rapid)"]
[EventRounds "11"]
[EventCountry "BLR"]
[SourceTitle "CBM 185 Extra"]
[Source "ChessBase"]
[SourceDate "2018.07.29"]
[SourceVersion "1"]
[SourceVersionDate "2018.07.29"]
[SourceQuality "1"]

1. d4 Nf6 2. Nf3 e6 3. Bf4 Be7 4. e3 b6 5. Bd3 Bb7 6. 0-0 d6 7. c4 Nh5 8. Bg3 Nxg3 9. hxg3 h5 10. Nc3 h4 11. gxh4 Bxh4 12. Be4 d5 13. cxd5 exd5 14. Bf5 Qf6 15. e4 g6 16. Bh3 dxe4 17. Re1 Qf4 18. d5 f5 19. Qa4+ Kf7 20. Nxe4 Bxd5 21. Qd4 Rd8 22. Nd6+ Qxd6 23. Qxh4 Nc6 24. Ng5+ Kg7 25. Bxf5 Rh8 26. Qg4 Qh2+ 27. Kf1 Rh4 28. Nf3 Bxf3 29. Qxf3 Qh1+ 30. Ke2 Nd4+ 31. Kd2 Nxf3+ 32. gxf3 Rd8+ 33. Bd3 Qxf3 34. Re7+ Kf6 35. Re3 Qxf2+ 36. Re2 Rxd3+ 37. Kxd3 Rd4+ 0-1

[Event "Minsk Kupreichik Memorial op"]
[Site "Minsk"]
[Date "2018.06.22"]
[Round "8"]
[White "Kruglikova, Viktorija"]
[Black "Ustiugov, Boris"]
[Result "0-1"]
[WhiteElo "1797"]
[BlackElo "1564"]
[PlyCount "64"]
[EventDate "2018.06.21"]
[EventType "swiss (rapid)"]
[EventRounds "11"]
[EventCountry "BLR"]
[SourceTitle "CBM 185 Extra"]
[Source "ChessBase"]
[SourceDate "2018.07.29"]
[SourceVersion "1"]
[SourceVersionDate "2018.07.29"]
[SourceQuality "1"]

1. e4 c5 2. Nf3 e6 3. d4 cxd4 4. Nxd4 a6 5. Nc3 Nc6 6. Be3 Nf6 7. g4 d6 8. g5 Nd7 9. h4 Be7 10. f4 Qc7 11. Bh3 Nb6 12. Nxc6 Qxc6 13. Qd4 Nc4 14. Qxg7 Rf8 15. Bc1 Bd7 16. b3 Ne5 17. Bb2 Ng6 18. 0-0 Qc5+ 19. Kh2 Nxh4 20. Qxh7 Ng6 21. Kg3 0-0-0 22. Rf3 Nxf4 23. Rxf4 Bxg5 24. Rf3 Bd2 25. Rd3 Qg5+ 26. Bg4 Rg8 27. Kf2 Qxg4 28. Rxd2 Qf4+ 29. Ke2 Rg2+ 30. Kd3 Rxd2+ 31. Kc4 Qe5 32. Na4 d5+ 0-1

[Event "Minsk Kupreichik Memorial op"]
[Site "Minsk"]
[Date "2018.06.21"]
[Round "1"]
[White "Fedorov, Alexei"]
[Black "Kruglikova, Viktorija"]
[Result "1-0"]
[WhiteElo "2572"]
[BlackElo "1797"]
[PlyCount "77"]
[EventDate "2018.06.21"]
[EventType "swiss (rapid)"]
[EventRounds "11"]
[EventCountry "BLR"]
[SourceTitle "CBM 185 Extra"]
[Source "ChessBase"]
[SourceDate "2018.07.29"]
[SourceVersion "1"]
[SourceVersionDate "2018.07.29"]
[SourceQuality "1"]

1. e4 c5 2. d3 Nc6 3. g3 d6 4. Bg2 Nf6 5. f4 e5 6. Nf3 Be7 7. 0-0 0-0 8. Nc3 a6 9. h3 b5 10. g4 Qb6 11. g5 Nd7 12. Nd5 Qd8 13. f5 f6 14. g6 h6 15. Nh2 Re8 16. Qh5 Bf8 17. Ng4 Nb4 18. Bxh6 gxh6 19. Nde3 Qe7 20. a3 Nc6 21. Nd5 Qg7 22. Qh4 Bb7 23. Ndxf6+ Nxf6 24. Nxf6+ Kh8 25. Nh5 Qg8 26. g7+ Bxg7 27. f6 Bxf6 28. Nxf6 Qg5 29. Qxg5 hxg5 30. Nxe8 Rxe8 31. Rf7 Bc8 32. Raf1 Kg8 33. R7f6 Be6 34. Rg6+ Kh7 35. Rxg5 Nd4 36. Rf2 c4 37. Bf1 cxd3 38. Bxd3 Kh6 39. h4 1-0

[Event "GER-ch U25-A"]
[Site "Willingen"]
[Date "2017.06.05"]
[Round "3"]
[White "Kruglikova, Viktorija"]
[Black "Hinrichs, Paul"]
[Result "1-0"]
[WhiteElo "1788"]
[BlackElo "1910"]
[PlyCount "107"]
[EventDate "2017.06.04"]
[EventType "swiss"]
[EventRounds "9"]
[EventCountry "GER"]
[SourceTitle "CBM 178 Extra"]
[Source "ChessBase"]
[SourceDate "2017.06.22"]
[SourceVersion "1"]
[SourceVersionDate "2017.06.22"]
[SourceQuality "1"]

1. Nf3 d5 2. b3 c5 3. Bb2 Nc6 4. g3 Nf6 5. Bg2 e6 6. 0-0 Be7 7. c4 0-0 8. d3 b6 9. Nbd2 Bb7 10. a3 Qc7 11. Qc2 d4 12. Ng5 Nd7 13. Nde4 h6 14. Nf3 Rae8 15. e3 e5 16. exd4 exd4 17. Bc1 f5 18. Bf4 Nde5 19. Nxe5 Nxe5 20. Bxe5 Qxe5 21. Nf6+ Qxf6 22. Bxb7 f4 23. Bd5+ Kh8 24. Rfe1 fxg3 25. hxg3 Bd6 26. Qd2 Bb8 27. Rxe8 Rxe8 28. Re1 Rxe1+ 29. Qxe1 Qe5 30. Qxe5 Bxe5 31. Kg2 g5 32. Kf3 Kg7 33. Ke4 Kf6 34. g4 Bc7 35. Bg8 Kg7 36. Be6 Kf6 37. Kd5 Bd8 38. Bf5 h5 39. Kd6 h4 40. Be4 h3 41. Bf3 Be7+ 42. Kd5 Bf8 43. Be4 h2 44. Bg2 Ke7 45. Ke5 a5 46. a4 Bg7+ 47. Kf5 Bf6 48. Bd5 h1Q 49. Bxh1 Kf7 50. Bd5+ Kg7 51. Ke6 Kg6 52. Be4+ Kg7 53. f3 Kh6 54. Kxf6 1-0

[Event "Moscow op-B (Women)"]
[Site "Moscow"]
[Date "2016.02.03"]
[Round "5"]
[White "Kruglikova, Viktorija"]
[Black "Beshukova, Alina"]
[Result "0-1"]
[WhiteElo "1876"]
[BlackElo "1660"]
[PlyCount "64"]
[EventDate "2016.01.30"]
[EventType "swiss"]
[EventRounds "9"]
[EventCountry "RUS"]
[SourceTitle "CBM 170 Extra"]
[Source "ChessBase"]
[SourceDate "2016.02.25"]
[SourceVersion "1"]
[SourceVersionDate "2016.02.25"]
[SourceQuality "1"]

1. d4 Nf6 2. c4 g6 3. Nc3 Bg7 4. e4 d6 5. Be2 0-0 6. Nf3 e5 7. Bg5 c6 8. b4 h6 9. Bh4 g5 10. Bg3 g4 11. Nd2 exd4 12. Na4 Re8 13. Bh4 Qd7 14. Bd3 Nxe4 15. Nxe4 f5 16. f3 b5 17. cxb5 cxb5 18. Nb2 d5 19. Qb3 Kh8 20. 0-0 dxe4 21. fxe4 fxe4 22. Bb1 d3 23. Bf2 e3 24. Bxd3 exf2+ 25. Kh1 Bd4 26. Rad1 Bb7 27. Bg6 Bxg2+ 28. Kxg2 Qc6+ 29. Be4 Qxe4+ 30. Kg3 Qe5+ 31. Kg2 Bxb2 32. Rxf2 Bd4 0-1

[Event "RUS-chT U18"]
[Site "St Petersburg"]
[Date "2015.08.01"]
[Round "1.36"]
[White "Kiseleva, Ekaterina"]
[Black "Kruglikova, Viktorija"]
[Result "1-0"]
[WhiteElo "1826"]
[BlackElo "1944"]
[PlyCount "97"]
[EventDate "2015.08.01"]
[EventType "team-swiss"]
[EventRounds "9"]
[EventCountry "RUS"]
[SourceTitle "CBM 167 Extra"]
[Source "ChessBase"]
[SourceDate "2015.09.14"]
[SourceVersion "1"]
[SourceVersionDate "2015.09.14"]
[SourceQuality "1"]
[WhiteTeam "Vladivostok"]
[BlackTeam "Karpov Chess School"]
[WhiteTeamCountry "RUS"]
[BlackTeamCountry "RUS"]

1. e4 c5 2. Nc3 Nc6 3. f4 g6 4. Nf3 Bg7 5. Bc4 d6 6. 0-0 e6 7. f5 gxf5 8. exf5 d5 9. Bb5 exf5 10. Qe1+ Nge7 11. d3 0-0 12. Bg5 Qd6 13. Bxc6 Nxc6 14. Nh4 a6 15. Nxf5 Bxf5 16. Rxf5 Qg6 17. Qf1 Nd4 18. Rxd5 Nxc2 19. Rc1 Nb4 20. Rf5 Rae8 21. a3 Nc6 22. Bf6 Bh6 23. Rd1 Nd4 24. Bxd4 cxd4 25. Ne4 Re6 26. Qf3 Be3+ 27. Kh1 Rc6 28. Nf6+ Kh8 29. Nd7 Re8 30. Ne5 Rxe5 31. Rxe5 Rf6 32. Qxb7 Qxd3 33. Qc8+ Kg7 34. Qg4+ Qg6 35. Qxg6+ hxg6 36. b4 Rc6 37. Rc5 Re6 38. Rd5 Re4 39. Rd6 Re6 40. Rxe6 fxe6 41. a4 Kf6 42. b5 axb5 43. axb5 Ke5 44. b6 Kd5 45. b7 Bf4 46. g3 Bb8 47. Kg2 e5 48. Rc1 Ke4 49. Rc8 1-0

[Event "Kimry-ch"]
[Site "Kimry"]
[Date "2015.01.07"]
[Round "9"]
[White "Volkov, Sergei"]
[Black "Kruglikova, Viktorija"]
[Result "1-0"]
[WhiteElo "2316"]
[BlackElo "1898"]
[PlyCount "41"]
[EventDate "2015.01.02"]
[EventType "swiss"]
[EventRounds "9"]
[EventCountry "RUS"]
[SourceTitle "CBM 164 Extra"]
[Source "ChessBase"]
[SourceDate "2015.03.02"]
[SourceVersion "1"]
[SourceVersionDate "2015.03.02"]
[SourceQuality "1"]

1. c4 Nf6 2. Nc3 g6 3. g3 Bg7 4. Bg2 0-0 5. Nf3 d5 6. cxd5 Nxd5 7. d4 c5 8. 0-0 Nc6 9. e3 cxd4 10. Nxd4 Ndb4 11. a3 Nxd4 12. axb4 Nc6 13. b5 Ne5 14. Qa4 e6 15. Rd1 Qc7 16. Qb3 a6 17. Ra4 Bd7 18. f4 Ng4 19. Rc4 Qb6 20. Rxd7 Nxe3 21. Rxb7 1-0